Library Banner

1857 : (Record no. 138882)

MARC details
000 -LEADER
fixed length control field 00490nam a22001457a 4500
005 - DATE AND TIME OF LATEST TRANSACTION
control field 20251014110244.0
008 - FIXED-LENGTH DATA ELEMENTS--GENERAL INFORMATION
fixed length control field 251014b |||||||| |||| 00| 0 eng d
040 ## - CATALOGING SOURCE
Transcribing agency PK-LaUMT
082 ## - DEWEY DECIMAL CLASSIFICATION NUMBER
Classification number 954.031
Item number SHA-A
100 ## - MAIN ENTRY--PERSONAL NAME
Personal name Shafi, Mian Muhammad = شفیع، میاں محمد
245 ## - TITLE STATEMENT
Title 1857 :
Remainder of title pehli jang i azadi = پہلی جنگ آزادی /
Statement of responsibility, etc by Mian Muhammad Shafi = میاں محمد شفیع
260 ## - PUBLICATION, DISTRIBUTION, ETC. (IMPRINT)
Place of publication, distribution, etc Lahore :
Name of publisher, distributor, etc Maktabah Jamal,
Date of publication, distribution, etc 2004
300 ## - PHYSICAL DESCRIPTION
Extent 327 p.
942 ## - ADDED ENTRY ELEMENTS (KOHA)
Koha item type Books
Holdings
Withdrawn status Lost status Damaged status Home library Current library Date acquired Full call number Barcode Date last seen Price effective from Koha item type
      UMT Main Campus UMT Main Campus 2025-10-14 954.031 SHA-A 150886 2025-10-14 2025-10-14 Books